| 000 | 00439nam a22001697a 4500 | ||
|---|---|---|---|
| 003 | CEME | ||
| 005 | 20210628205233.0 | ||
| 008 | 210222b xxu||||| |||| 00| 0 eng d | ||
| 020 | _a0-19-820427-2 | ||
| 040 | _c. | ||
| 082 | _a355.02 OXF'T | ||
| 100 |
_aTownshend, Charles _974517 |
||
| 245 | _aThe oxford illustrated history of modern war | ||
| 260 |
_aOXFORD _bOXFORD UNIVERSITY PRESS _c1997 |
||
| 300 | _aXII,354P | ||
| 942 |
_cBK _2ddc |
||
| 999 |
_c580037 _d580037 |
||